BIOLOGICA AND COMPUTER VISION / (Record no. 588958)

000 -LEADER
fixed length control field 00323nam a22001337a 4500
020 ## - INTERNATIONAL STANDARD BOOK NUMBER
Qualifying information PB.
040 ## - CATALOGING SOURCE
Transcribing agency FIZZA ISHAQ
082 ## - DEWEY DECIMAL CLASSIFICATION NUMBER
Classification number 006.37
Author Mark GAB
100 ## - MAIN ENTRY--PERSONAL NAME
Personal name KREIMAN,GABRIEL.
9 (RLIN) 90737
245 ## - TITLE STATEMENT
Title BIOLOGICA AND COMPUTER VISION /
Statement of responsibility, etc. GABRIEL KREIMAN.
260 ## - PUBLICATION, DISTRIBUTION, ETC.
Place of publication, distribution, etc. NEW YORK ;
Date of publication, distribution, etc. 2021.
300 ## - PHYSICAL DESCRIPTION
Extent 251 P. ;
942 ## - ADDED ENTRY ELEMENTS (KOHA)
Source of classification or shelving scheme
Koha item type Book
Holdings
Withdrawn status Lost status Source of classification or shelving scheme Damaged status Not for loan Permanent Location Current Location Date acquired Total Checkouts Full call number Barcode Date last seen Price effective from Koha item type
          NUST Baluchistan Campus (NBC) NUST Baluchistan Campus (NBC) 03/30/2022   006.37 GAB Q-3162 03/30/2022 03/30/2022 Book
© 2023 Central Library, National University of Sciences and Technology. All Rights Reserved.